000 00346nam a2200145Ia 4500
008 230312s9999||||xx |||||||||||||| ||und||
020 _a8189411365
082 _a621.3815
_bGOD-E
100 _aGodse, A. P.
245 0 _aElectronic Devices & Circuits
260 _bTechnical
_aPune
_c2007
546 _aEng.
650 _aEngineering
942 _cBK
999 _c1693
_d1693